000 00757cam a2200241 a 4500
001 652167
005 20240220040335.0
008 940325s1995 nyu b 001 0 eng
020 _a0415907969 (alk. paper)
020 _a0415907977 (alk. paper)
040 _aDLC
_cDLC
_dDLC
082 0 0 _a320.9.
_220
_bIMP.
100 1 _aKiernan, V. G.
245 1 0 _aImperialism and its contradictions /
_cV.G. Kiernan ; edited & introduced by Harvey J. Kaye.
260 _aNew York :
_bRoutledge,
_c1995.
300 _axii, 218 p. ;
500 _aCollection of previously published essays.
650 0 _aImperialism.
650 0 _aColonies.
700 1 _aKaye, Harvey J.
_eedt
856 4 2 _uhttp://www.loc.gov/catdir/enhancements/fy0651/94014828-d.html
942 _cL
999 _c436
_d436